|
|
|
|
| LEADER |
00000nam0a2200000 4500 |
| 001 |
233423 |
| 005 |
20231101231240.0 |
| 020 |
|
|
|a RU
|b 84-1898
|
| 035 |
|
|
|a (RuTPU)RU\TPU\book\254501
|
| 090 |
|
|
|a 233423
|
| 100 |
|
|
|a 20130304d1983 m y0rusy5003 ca
|
| 101 |
0 |
|
|a rus
|
| 102 |
|
|
|a UA
|
| 105 |
|
|
|a a z 001zy
|
| 200 |
1 |
|
|a Кристаллохимия боридов
|f Ю. Б. Кузьма
|
| 210 |
|
|
|a Львов
|c Вища школа
|d 1983
|
| 215 |
|
|
|a 160 с.
|c ил.
|
| 320 |
|
|
|a Библиогр.: с. 138-157.
|
| 606 |
1 |
|
|a Бориды
|x Химия
|2 stltpush
|3 (RuTPU)RU\TPU\subj\75005
|9 86905
|
| 610 |
1 |
|
|a состав
|
| 610 |
1 |
|
|a образование
|
| 610 |
1 |
|
|a структура
|
| 610 |
1 |
|
|a бинарные бориды
|
| 610 |
1 |
|
|a тернарные бориды
|
| 610 |
1 |
|
|a структурные типы
|
| 610 |
1 |
|
|a кристаллохимия
|
| 675 |
|
|
|a 546.271
|v 3
|
| 700 |
|
1 |
|a Кузьма
|b Ю. Б.
|g Юрий Богданович
|4 070
|
| 801 |
|
0 |
|a RU
|b RuMRKP
|c 19950704
|g psbo
|
| 801 |
|
1 |
|a RU
|b 63413507
|c 20130304
|
| 801 |
|
2 |
|a RU
|b 63413507
|c 20160202
|g RCR
|
| 942 |
|
|
|c BK
|